| 000 | 01293nam a2200349 a 4500 | ||
|---|---|---|---|
| 001 | 000015131 | ||
| 003 | DO-SdBPM | ||
| 005 | 20250910113438.0 | ||
| 007 | ta | ||
| 008 | 100201s2007 dr a 001 f spa d | ||
| 020 | _z9945140035 | ||
| 040 |
_aDO-SdBPM _bspa _cBPMSU _erda |
||
| 049 | _a | ||
| 082 | 4 |
_a863.309 _bC337c 2007 _222 |
|
| 245 | 0 | 4 |
_aLos capítulos más bellos de El Quijote / _ccompiladores Mariano Lebrón Saviñón, Tomás Castro Burdiez. |
| 250 | _a4ª ed. | ||
| 260 | _f | ||
| 264 |
_aSanto Domingo : _bFundación Educarte, _c2007. |
||
| 300 |
_a200 páginas : _bilustración _c23 cm. |
||
| 336 |
_atexto _btxt _2rdacontent |
||
| 337 |
_asin mediación _bn _2rdamedia |
||
| 338 |
_avolumen _bnc _2rdacarrier |
||
| 500 | _aCampaña Don Quijote sin La Mancha para el incentivo a la lectura. | ||
| 590 | _aInventariado, 2025/VM | ||
| 600 | 1 | 4 |
_aCervantes Saavedra, Miguel de _d1547-1616, _tEl Quijote _xCrítica e interpretación |
| 650 | 7 |
_aNovela española _xHistoria y crítica |
|
| 650 | 7 |
_aLiteratura española _xHistoria y crítica _yPeríodo clásico, 1500-1700 |
|
| 700 | 1 |
_aLebrón Saviñón, Mariano, _d1922- _ecompilador |
|
| 700 | 1 |
_aCastro Burdiez, Tomás, _d1959- _ecompilador |
|
| 910 | _aVMateo V. Control de calidad BPMSU | ||
| 942 |
_2ddc _cBK |
||
| 999 |
_c7259 _d7259 |
||